Kontaminácia životného prostredia vo vzťahu k biologickej pyramíde

Podrobná bibliografia
Hlavní autori: Venglovský, Ján, 1951- (Autor), Pačajová, Zuzana (Autor), Sasáková Naďa, 1957- (Autor), Harichová, Darina (Autor), Plachá, Iveta (Autor), Šutiaková, Irena, 1948- (Autor)
Korporatívny autor: O ekológii vo vybraných aglomeráciách Jelšavy - Lubeníka a stredného Spiša Hrádok pri Jelšave, Slovensko (Autor)
Médium: Konferenčný príspevok Článok
Jazyk:slovenčina
ISBN:8088985811
Predmet:

MARC

LEADER 00000nab a2200000 a 4500
001 vtls000861412
003 SK-MaSNL
005 20260303211532.0
008 161006c xo 0 slo
015 |a SNBRA2004/02-03782 
035 |a CLN000213007 
040 |a SNKBUCL  |b slo  |c SNKBUCL  |e AACR2 
041 0 |a slo 
044 |a xo  |c SK 
080 |a 504.054(437.6):628.472  |2 1997 
080 |a 628.472(437.6)  |2 1997 
111 1 |a O ekológii vo vybraných aglomeráciách Jelšavy - Lubeníka a stredného Spiša  |n (11. :  |d 2002 :  |c Hrádok pri Jelšave, Slovensko)  |4 aut  |9 112354 
245 0 0 |a Kontaminácia životného prostredia vo vzťahu k biologickej pyramíde  |c Darina Harichová ... [et al.] 
504 |a Res. angl. 
504 |a Bibliogr. odkazy 
650 0 7 |a prostredie životné  |x znečistenie  |x skládky odpadu  |z Slovensko  |2 snkbucl  |9 1243545 
650 0 7 |a skládky odpadu  |2 snkbucl  |9 16790 
655 7 |a články zo zborníkov  |2 snkbucl  |9 166140 
700 1 |a Venglovský, Ján,  |d 1951-  |4 aut  |9 10528 
700 1 |a Pačajová, Zuzana  |4 aut  |9 12783 
700 1 |a Sasáková Naďa,  |d 1957-  |4 aut  |9 235618 
700 1 |a Harichová, Darina  |4 aut  |9 827756 
700 1 |a Plachá, Iveta  |4 aut  |9 793098 
700 1 |a Šutiaková, Irena,  |d 1948-  |4 aut  |9 199198 
773 0 |z 8088985811  |t XI. medzinárodné sympózium s medzinárodnou účasťou O ekológii vo vybraných aglomeráciách Jelšavy-Lubeníka a stredného Spiša  |d Košice : [Univerzita veterinárskeho lekárstva], [2002]  |q <<The>> eleventh scientific symposium with international participation On ecology in selected agglomerations of Jelšava-Lubeník and Central Spiš  |g S. 73-75 
850 |a Slovenská národná knižnica v Martine 
852 |a SNK  |b KIS3GCP 
958 |a NB 
958 |a SK 
999 |c 2203322  |d 2205252